[Event "II Aberto do Brasil de Maringa id. fide 69253 id. 
[Site "Maringa - Parana - Brasil"]
[Date "2012.08.12"]
[Round "8"]
[Board "37"]
[White "MOURA, Pedro Camargo"]
[Black "TACCONI DA SILVA, Lucas"]
[Result "0-1"]
[WhiteElo "2002"]
[BlackElo "1850"]
[PlyCount "95"]
[EventDate "2012.08.08"]
[EventRounds "9"]
[EventCountry "BRA"]

1. e4 c6 2. d4 d5 3. Nd2 dxe4 4. Nxe4 Bf5 5. Ng3 Bg6 6. Bc4 e6 7. N1e2 Bd6 8.
O-O Qc7 9. f4 Ne7 10. Bd3 Bxd3 11. Qxd3 g6 12. f5 Nxf5 13. Nxf5 exf5 14. Ng3
Bxg3 15. hxg3 O-O 16. Bh6 Re8 17. g4 fxg4 18. Rf6 Re6 19. Qa3 Na6 20. Rf4 Qe7
21. Qg3 f5 22. Qb3 Qf7 23. Raf1 Re7 24. c4 Qe6 25. R4f2 b5 26. Bg5 Ree8 27. Rc2
Rac8 28. Bh6 Nc7 29. Rd1 bxc4 30. Rxc4 Nd5 31. Rdc1 f4 32. Rf1 Ne3 33. Qb7 Qe7
34. Rb4 Nxf1 35. Qxe7 Rxe7 36. Kxf1 g5 37. Bxg5 Rf7 38. g3 f3 39. Rc4 Rf5 40.
Be3 h5 41. Ra4 a5 42. Bf4 Kf7 43. Be5 Ke6 44. Rxa5 c5 45. Ra6+ Kd7 46. Rd6+ Ke7
47. Rh6 cxd4 48. Bxd4 {Ilegivel. Concluida no lance 57.} 0-1

[Event "II Aberto do Brasil de Maringa id. fide 69253 id. 
[Site "Maringa - Parana - Brasil"]
[Date "2012.08.12"]
[Round "8"]
[Board "38"]
[White "DOTORIVO DE SOUSA, Eduardo"]
[Black "BASTOS, Guilherme Exterhotter"]
[Result "1/2-1/2"]
[WhiteElo "1940"]
[BlackElo "1958"]
[PlyCount "39"]
[EventDate "2012.08.08"]
[EventRounds "9"]
[EventCountry "BRA"]

1. d4 d5 2. c4 c6 3. Bf4 Qb6 4. Qd2 Nf6 5. c5 Qd8 6. Nc3 b6 7. cxb6 axb6 8. e3
Nbd7 9. Be2 Ba6 10. Bxa6 Rxa6 11. Nge2 e6 12. O-O Nh5 13. Rfc1 Nxf4 14. Nxf4
Bd6 15. Qe2 Ra8 16. Qg4 Qf6 17. Nh5 Qg6 18. Qh3 Nf6 19. Nxf6+ Qxf6 20. Rc2 $11
1/2-1/2

[Event "II Aberto do Brasil de Maringa id. fide 69253 id. 
[Site "Maringa - Parana - Brasil"]
[Date "2012.08.12"]
[Round "8"]
[Board "39"]
[White "LUCCI, Bruno Wendorff"]
[Black "COSTA, Samir Hejazi"]
[Result "1-0"]
[WhiteElo "1877"]
[BlackElo "1955"]
[PlyCount "93"]
[EventDate "2012.08.08"]
[EventRounds "9"]
[EventCountry "BRA"]

1. e4 e6 2. d4 d5 3. Nd2 c5 4. Ngf3 a6 5. c3 Nc6 6. exd5 exd5 7. dxc5 Bxc5 8.
Nb3 Ba7 9. Bd3 Nf6 10. O-O O-O 11. h3 h6 12. Bc2 Qc7 13. Nbd4 Bd7 14. Re1 Nxd4
15. Nxd4 Bb8 16. Nf3 Ba7 17. Ne5 Rfe8 18. Bf4 Qc8 19. Qf3 Bf5 20. Rac1 Bxc2 21.
Rxc2 Qf5 22. Rce2 Nh5 23. Bh2 Qxf3 24. Nxf3 Nf6 25. Rxe8+ Rxe8 26. Rxe8+ Nxe8
27. Be5 f6 28. Bd4 Bb8 29. Ne1 Kf7 30. Nd3 Bd6 31. g3 Nc7 32. Kg2 Ne6 33. Be3
Nf8 34. Bf4 Ke6 35. Bxd6 Kxd6 36. Kf3 Ne6 37. Ke3 g5 38. Nb4 f5 39. f4 Nc5 40.
fxg5 hxg5 41. h4 Ne4 42. hxg5 Nxg5 43. Kd4 Ne4 44. Nxd5 Nxg3 45. Nf4 Ne4 46. c4
Nc5 47. Ne2 {Ilegivel. Concluida no lance 55.} 1-0

[Event "II Aberto do Brasil de Maringa id. fide 69253 id. 
[Site "Maringa - Parana - Brasil"]
[Date "2012.08.12"]
[Round "8"]
[Board "40"]
[White "LORENSETTI, Jesse Emanoel"]
[Black "TAVARES, Imyra Cecilia"]
[Result "1-0"]
[WhiteElo "1875"]
[BlackElo "1929"]
[PlyCount "75"]
[EventDate "2012.08.08"]
[EventRounds "9"]
[EventCountry "BRA"]

1. d4 g6 2. Nf3 Bg7 3. c4 d6 4. Nc3 Nf6 5. e4 O-O 6. Be2 c5 7. d5 Nbd7 8. Qc2
a6 9. O-O Nb6 10. Rd1 Bg4 11. Nd2 Qc8 12. h3 Bd7 13. f4 Rb8 14. Nf3 Nh5 15. e5
Bf5 16. Bd3 Bxh3 17. gxh3 Qxh3 18. Qg2 Qxg2+ 19. Kxg2 Nd7 20. Re1 Bh6 21. Ng5
Rbe8 22. exd6 exd6 23. Bd2 Ndf6 24. Kf3 Nd7 25. Nce4 Bxg5 26. fxg5 Ne5+ 27. Ke3
Re7 28. Bc3 Rd8 29. Be2 Nd7 30. Bxh5 gxh5 31. Bf6 Nxf6 32. gxf6 Re5 33. Rg1+
Kh8 34. Kd3 b5 35. b3 h6 36. Rae1 Rde8 37. Nxd6 Rxe1 38. Nxf7+ 1-0